000
00227nam a2200097Ia 4500
008
240331s9999 xx 000 0 und d
082
_b
KOO
100
_a
Kooiman, D
245
0
_a
Conversion and social equality in India
942
_c
L
999
_c
2350
_d
2350